000 01157nam a2200229 a 4500
001 000041264
005 20201002034734.0
008 130927s1989 sp 001 0 spa d
020 _a8400070917
040 _aDO-SdBNP
_bspa
_cBNPHU
245 0 0 _aFrancisco de Toledo :
_bdisposiciones gubernativas para el Virreinato del Perú 1575-1580 /
_cintroducción, Guillermo Lohmann Villena ; transcripción, Mª Justina Sarabia Viejo Cortes de Cadiz.
260 _aMadrid :
_bEscuela de Estudios Hispano-Americanos : Monte de Piedad y Caja de Ahorros,
_c1989.
300 _av. ;
_c24 cm.
490 1 _aPublicaciones de la Escuela de Estudios Hispanoamericanos de Sevilla ;
505 2 _av. 1
_tDisposiciones gubernativas para el Virreinato del Perú 1574-1574
500 _aIncluye índice
500 _aPrecede al título .: Publicación conmemorativa del V Centenario del Descubrimiento de América
700 1 _aLohmann Villena, Guillermo
_93144
700 1 _aSarabia Viejo, María Justina
_967873
710 2 _aEscuela de Estudios Hispano-Americanos (España)
_967874
830 0 _aPublicaciones de la Escuela de Estudios Hispanoamericanos de Sevilla
_967875
999 _c40754
_d40754